000 00317nam a2200133 i 4500
001 bg
100 1 _aMILLER, S.
245 0 _aUkłady kinematyczne :
_bpodstawy projektowania /
_cS. Miller.
260 _aWarszawa,
_c1988.
040 _cBPK
041 _apol
942 _cKS
008 s pl f |000 0 pol
999 _c3642
_d3642
856 _uhttp://koha.tu.koszalin.pl/cgi-bin/koha/opac-detail.pl?biblionumber=3642
_yKatalog online BPK